angels - chase atlantic lyrics - Statistics

General Stats
  • This quiz has been taken 22 times
  • The average score is 390 of 413
Answer Stats
Answer % Correct
a
100%
ain't
100%
an-
100%
an
100%
and
100%
And
100%
angel
100%
angels
100%
be
100%
busy,
100%
busy
100%
but
100%
Calling
100%
changed
100%
complicated,
100%
could
100%
famous
100%
get
100%
getting
100%
haven't
100%
Haven't
100%
high,
100%
I
100%
I'd
100%
If
100%
if
100%
I'm
100%
in
100%
it
100%
It's
100%
it's
100%
know
100%
late
100%
lonely
100%
me
100%
me,
100%
my
100%
Nobody
100%
number
100%
on
100%
only
100%
phone
100%
probably
100%
stay,
100%
take
100%
talk
100%
talk,
100%
the
100%
The
100%
to
100%
told
100%
walk
100%
wanna
100%
way
100%
We
100%
when
100%
with
100%
yeah
100%
yeah,
100%
yet
100%
you
100%
you're
100%
anxious
83%
are
83%
at
83%
been
83%
believe
83%
boy,
83%
brains
83%
conversation
83%
darker
83%
different
83%
doing
83%
faith,
83%
good
83%
grateful
83%
having
83%
hills,
83%
lately
83%
losing
83%
lost
83%
Make
83%
mood
83%
pain
83%
Pleasure
83%
same
83%
should
83%
signal
83%
spill
83%
starting
83%
still
83%
table,
83%
then
83%
things
83%
too
83%
voices
83%
you'll
83%
40
67%
angles,
67%
Blood
67%
came
67%
darling
67%
difficulties
67%
eyes
67%
for
67%
hard
67%
is
67%
like
67%
listen
67%
made
67%
out
67%
searching
67%
see
67%
something
67%
there's
67%
went
67%
feels
50%
from
50%
Guess
50%
Heaven
50%
watching
50%
uh
33%
No matching quizzes found
Score Distribution
Percent of People with Each Score
Percentile by Number Answered
Your Score History
You have not taken this quiz